Statistics for U.S. License Plates - Picture Map Quiz

Click here to take the quiz!

General Stats

  • This quiz has been taken 47 times
  • The average score is 23 of 50

Answers on the Map

Answers color-coded by a green-red scale on the quiz's map according to % correct below.
 

Answer Stats

Answer% Correct
78%
74%
74%
70%
70%
63%
63%
63%
59%
59%
56%
56%
56%
52%
52%
52%
52%
52%
52%
48%
48%
48%
48%
48%
48%
48%
44%
44%
44%
41%
41%
41%
41%
41%
37%
33%
33%
33%
33%
30%
30%
30%
30%
26%
26%
26%
22%
22%
19%
11%

Score Distribution

Percentile by Number Answered

Percent of People with Each Score

Your Score History

You have not taken this quiz